[Event "34th NED-ch"]
[Site "Leeuwarden NED"]
[Date "1978.04.29"]
[Round "11"]
[White "Donner, Jan"]
[Black "Langeweg, Christian"]
[Result "1/2-1/2"]
[WhiteElo "2490"]
[BlackElo "2450"]
[EventDate "1978.04.17"]
[PlyCount "45"]

1.d4 Nf6 2.c4 e6 3.Nc3 Bb4 4.e3 b6 5.Ne2 Ne4 6.Qc2 Bb7 7.a3 Bxc3+ 8.Nxc3 
f5 9.b3 d6 10.Bb2 O-O 11.d5 Nxc3 12.Qxc3 e5 13.f4 Nd7 14.Bd3 Qh4+ 15.g3 
Qe7 16.O-O c6 17.dxc6 Bxc6 18.Rae1 Rae8 19.e4 exf4 20.gxf4 fxe4 21.Bxe4 
Bxe4 22.Rxe4 Qf7 23.Re3 1/2-1/2